| 000 | 02462nam a22005297a 4500 | ||
|---|---|---|---|
| 999 |
_c116537 _d116537 |
||
| 003 | KOHA_MİRAKIL | ||
| 005 | 20240814100434.0 | ||
| 008 | 230929b ||||| |||| 00| 0 eng d | ||
| 040 |
_aTR-IsTIV _btur _cTR-IsTIV |
||
| 041 |
_atur _ctur _htur |
||
| 090 | _aBCAM1. 099.1 | ||
| 245 | 1 | 0 |
_aYumurcak Veda [Betacam SP Videorecording] _cOrhan Aksoy |
| 260 |
_aİstanbul _bErler Film _c1974 |
||
| 500 | _a81 dakika, Renkli | ||
| 504 | _aBabası küçükken ölmüş olan İlker, konserleri, turneleri ve diğer işleri nedeniyle oğluna zaman ayıramayan ünlü bir sanatçı olan Selma’nın yatılı okulda okuyan oğludur. Annesi o denli meşguldür ki, birbirlerini ancak yılda birkaç kez görebilmektedirler. Çevresindeki herkes İlker’in zenginlik içinde, harika bir hayat sürdüğünü sanır, oysa gerçek tam tersidir. | ||
| 546 | _aTürkçe | ||
| 610 | _aErler Film | ||
| 650 | 0 | 0 |
_aDram Filmleri Türk Sineması _vDram Filmleri Erler Film _xÇocuk Filmleri Erler Film _xBetacam Arşivi Erler Film _y1974 _zTürkiye |
| 700 | 1 |
_aElmas, Orhan _d1927-2002 _eYönetmen |
|
| 700 | 1 |
_aİnanoğlu, Türker _d1936- _eYapımcı |
|
| 700 | 1 |
_aÖzlüer, Fuat _d1921-1995 _eSenarist |
|
| 700 | 1 |
_aGürtop, Çetin _d1936-2009 _eGörüntü Yönetmeni |
|
| 700 | 1 |
_aİnanoğlu, İlker _d1965- _eOyuncu |
|
| 700 | 1 |
_aAkın, Filiz _d1943- _eOyuncu |
|
| 700 | 1 |
_aKentmen, Hulusi _d1912-1993 _eOyuncu |
|
| 700 | 1 |
_aKayabaş, Bülent _d1945-2017 _eOyuncu |
|
| 700 | 1 |
_aSim, Mürüvvet _d1929-1983 _eOyuncu |
|
| 700 | 1 |
_aTosun, Necdet _d1926-1975 _eOyuncu |
|
| 700 | 1 |
_aKurtuluş, Cevat _d1922-1992 _eOyuncu |
|
| 700 | 1 |
_aAnıl, Şebnem _eOyuncu |
|
| 700 | 1 |
_aCeylan, Gülten _d1946- _eOyuncu |
|
| 700 | 1 |
_aCoşkun, Faik _d1914-1978 _eOyuncu |
|
| 700 | 1 |
_aDümer, Ekrem _d1928-2000 _eOyuncu |
|
| 700 | 1 |
_aErgüvenç, Kemal _d1921-1976 _eSeslendirme |
|
| 700 | 1 |
_aFosforoğlu, Renan _d1918-1991 _eOyuncu |
|
| 700 | 1 |
_aKaptan, Atıf _d1908-1977 _eOyuncu |
|
| 700 | 1 |
_aOfluoğlu, Mücap _d1923-2012 _eOyuncu |
|
| 700 | 1 |
_aBavli, Doğan _d1941-2021 _eSeslendirme |
|
| 700 | 1 |
_aCaymaz, Timuçin _d1928-2000 _eSeslendirme |
|
| 700 | 1 |
_aKasapbaşoğlu, Nilgün _d1955- _eSeslendirme |
|
| 700 | 1 |
_aOfluoğlu, Mücap _d1923-2012 _eSeslendirme |
|
| 700 | 1 |
_aTözüm, Jeyan Mahfi _d1929- _eSeslendirme |
|
| 700 | 1 |
_aÜnsal, Memduh _d1934- _eOyuncu |
|
| 700 | 1 | _aErler Film | |
| 856 |
_3Yumurcak Veda Film Afişi _uhttps://disk.yandex.com/i/olGmruzA1-9KTg |
||
| 942 |
_2ddc _cGR |
||